1895 1317 1440 1725 1620 1350 1461 1809 1616 1783 1322 1304 1704 1499 1450 1522 1400 1160 1185 1445 1739 1285 1879 1383 1022 1467 1453 1086 1296 1475 1311 1090 1835 1552 1135 1827 1791 1073 1205 1163 1623 1574 1401 1233 1245 1443 1705 1269 1784 1560 1817 1794 1498 1276 1323 1933 1070 1022 1167 1169 1965 1970 1146 1208 1059 1850 1155 1484 1510 1358 1200 1780 1798 1742 1059 1377 1524 1692 1585 1601 1669 1520 1093 1478 1764 1438 1127 1234 1020 1890 1888 1102 1614 1083 1695 1844 1134 1189 1367 BCNSPRNW ULIB Ver.6.0+V

เปลี่ยนเป็นภาษาไทย

Change to English
 แสดงรายละเอียดบรรณานุกรม
  กลับหน้าหลัก

Brief Record : Get Marc (ISO 2709) : E-mail record : QR code < ปิดหน้าต่าง
LEADER : 00000nam 2200000uu 4500
001    13399114300
003     ULIB
008    120321s2551||||th 000 0 tha d
020    ^a9789741080595
050  4 ^aAC158^bค451ว 2551
100 1  ^aฮยอนมิน, คิม
245 10 ^aวิทยาศาสตร์ฉลาดรู้ เรื่อง ไฟฟ้าและเคลื่อนแม่เหล็ก /^cคิมฮยอนมิน, เรื่องและภาพ ; คิวัสว์ สุรกิจบวร, แปล
250    ^aพิมพ์ครั้งที่ 1
260    ^aกรุงเทพฯ :^bอัมรินทร์คอมมิกส์,^c2551
300    ^a197 หน้า :^bภาพประกอบ ;^c21 ซม.
440  0 ^aชุดวิทยาศาสตร์ฉลาดรู้ ;^vลำดับที่ 14
650  7 ^aการ์ตูน
650  7 ^aไฟฟ้า^xวรรณกรรมสำหรับเด็ก
650  7 ^aคลื่นแม่เหล็กไฟฟ้า
650  7 ^aวรรณกรรมเกาหลี
650  7 ^aวรรณกรรมสำหรับเด็ก
700 0  ^aคิวัสว์ สุรกิจบวร,^eผู้แปล
945    ^p199^l0^i15280
995    ^aกัณชพร
999    ^aใช้งานได้ทุกระบบ
รายการนี้ยังไม่มีแท็ก
คุณยังไม่ได้ล็อกอิน คุณสามารถมีกิจกรรมร่วมกับเว็บไซต์ได้ แต่ต้องล็อกอินก่อน ::
  ล็อกอิน

รายการสื่อสารสนเทศ

ลำดับที่ ประเภท เลขเรียก/บาร์โค้ด สถานที่ สถานะ
- ไม่พบข้อมูล -

รายการใกล้เคียง
    ผู้แต่ง [ฮยอนมิน, คิม]

    หัวเรื่อง [การ์ตูน]
    หัวเรื่อง [คลื่นแม่เหล็กไฟฟ้า]
    หัวเรื่อง [วรรณกรรมเกาหลี]
    หัวเรื่อง [วรรณกรรมสำหรับเด็ก]

BibComment


ยังไม่เคยถูกคอมเมนท์

คอมเมนท์ทรัพยากรรายการนี้
  คอมเมนท์: วิทยาศาสตร์ฉลาดร..


 Copyright 2026. Bcnsprnw @Library